LEADER 03072oas 2201285 a 450 001 9910142204303321 005 20251105213014.0 011 $a1938-5404 035 $a(DE-599)ZDB2135113-2 035 $a(DE-599)2135113-2 035 $a(OCoLC)47723402 035 $a(CONSER) 2006237054 035 $a(CKB)954925437497 035 $a(EXLCZ)99954925437497 100 $a20010806a19549999 sy a 101 0 $aeng 135 $aurmnu|||||||| 181 $ctxt$2rdacontent 182 $cc$2rdamedia 183 $acr$2rdacarrier 200 10$aRadiation research 210 $aNew York, N.Y. $cAcademic Press$d1954- 300 $aRefereed/Peer-reviewed 300 $aPlace of publication varies. 300 $aPublished: Oak Brook, Ill. : Radiation Research Society, Aug. 1991- 311 08$a0033-7587 531 0 $aRadiat. res. 606 $aRadioactivity$vPeriodicals 606 $aRadiation$vPeriodicals 606 $aRadioactivity 606 $aRadiobiology 606 $aRadioactivity 606 $aRadiation 606 $aRadiobiology 606 $aRadioactivite?$vPe?riodiques 606 $aRayonnement$vPe?riodiques 606 $aRadioactivite? 606 $aRadiobiologie 606 $aradioactivity$2aat 606 $aRadiobiology$2fast$3(OCoLC)fst01088040 606 $aRadiation$2fast$3(OCoLC)fst01086839 606 $aRadioactivity$2fast$3(OCoLC)fst01088014 608 $aPeriodical. 608 $aPeriodicals.$2fast 608 $aPeriodicals.$2lcgft 615 0$aRadioactivity 615 0$aRadiation 615 0$aRadioactivity. 615 0$aRadiobiology. 615 2$aRadioactivity. 615 2$aRadiation. 615 2$aRadiobiology. 615 6$aRadioactivite? 615 6$aRayonnement 615 6$aRadioactivite?. 615 6$aRadiobiologie. 615 7$aradioactivity. 615 7$aRadiobiology. 615 7$aRadiation. 615 7$aRadioactivity. 676 $a539.7 712 02$aRadiation Research Society (U.S.) 801 0$bF#A 801 1$bF#A 801 2$bMXC 801 2$bOCLCQ 801 2$bMUQ 801 2$bEYM 801 2$bHUL 801 2$bNSD 801 2$bOCLCQ 801 2$bGBVCP 801 2$bDLC 801 2$bOCLCO 801 2$bOCLCQ 801 2$bOCLCF 801 2$bOCLCO 801 2$bOCLCQ 801 2$bOCLCO 801 2$bOCLCQ 801 2$bDEBBG 801 2$bU3W 801 2$bOCLCO 801 2$bOCLCA 801 2$bBUF 801 2$bAU@ 801 2$bOCLCO 801 2$bWYU 801 2$bAUD 801 2$bVT2 801 2$bOCLCO 801 2$bOCLCA 801 2$bSFB 801 2$bOCLCA 801 2$bCGU 801 2$bORE 801 2$bOCLCO 801 2$bOCLCA 801 2$bOCLCO 801 2$bOCL 801 2$bOCLCQ 801 2$bUAB 801 2$bOCLCL 801 2$bOCLCQ 801 2$bOCLCL 801 2$bOCLCQ 906 $aJOURNAL 912 $a9910142204303321 996 $aRadiation research$9790426 997 $aUNINA